000 00698nam a2200241Ia 4500
003 OSt
005 20220924120400.0
006 a|||||r|||| 00| 0
007 ta
008 220923b |||||||| |||| 00| 0 san d
024 _a75735
037 _cTextual
040 _aARTS
_cARTS
_bsan
041 _2san
_asan
082 _aR625x8,1,1, 15L7
100 _aAnnam Bhatta
245 0 _aTarak sangraha Hindi kala vyakhyopeta dipika sahitya comm by Kedarnath Tripathi
260 _aDelhi
_bMotilal Banarasidass
_c1977
300 _a1410p.
_ccm.
650 _aNYAYA PHILOSOPHY
_910608
942 _hR625x8,1,1, 15L7
_cTEXL
_2CC
999 _c402557
_d402557